Paul Dukas

Uloženo v:
Podrobná bibliografie
Hlavní autor: Samazeuilh, Gustave (Autor)
Médium: Kniha
Jazyk:francouzština
Vydáno: París A. Durand 1913
Edice:Un Musicien Francais
Témata:
Tagy: Přidat tag
Žádné tagy, Buďte první, kdo vytvoří štítek k tomuto záznamu!

MARC

LEADER 00000nam a2200000 a 4500
001 UCW2510
003 CL-VaPUC
008 920527e19130000FR |||||||||||||||||fre|d
082 0 4 |a 780.92  |b SAM  |2 21 
100 0 |a Samazeuilh, Gustave  |e author  |9 306696 
245 1 0 |a Paul Dukas 
300 |a 28 p 
942 |c BK 
945 |d 19920527 00:00:00 
260 |a París  |b A. Durand  |c 1913 
600 0 |a Dukas, Paul Abraham  |9 306590 
650 7 |a COMPOSITORES BIOGRAFIAS  |2 CL-VaPUC  |9 306351 
651 0 |a Francia  |9 255157 
583 |a last modification  |c 19920527 00:00:00  |k Rodrigo Vera 
490 0 |a Un Musicien Francais 
999 |c 217050  |d 217048 
952 |0 0  |1 0  |4 0  |6 780_920000000000000_SAM_1913  |7 0  |8 A  |9 203543  |a BIBEDU  |b BIBEDU  |d 2019-11-15  |i 2707780  |o 780.92 SAM 1913  |p 2707780  |r 2023-01-12  |w 2019-11-15  |y BK  |k MUS